Music Quiz

Random Music or Classical Quiz

Schools of Composers Quiz Stats

 Plays Quiz not verified by Sporcle

Challenge
Share
Tweet
Embed
Score 0/22 Timer 10:00
0 Plays Today
Composer % Correct
Arnold Schönberg
77%
Nikolai Rimsky-Korsakov
75.2%
Philip Glass
75%
Modest Mussorgsky
72.8%
Alban Berg
70.1%
Anton Webern
65.7%
Alexander Borodin
64.3%
John Cage
58.7%
Steve Reich
58.2%
François Poulenc
53.9%
Cesar Cui
48.4%
Composer % Correct
Darius Milhaud
40.6%
Mily Balakirev
35.7%
Terry Riley
32.7%
Arthur Honegger
30%
La Monte Young
21.7%
Morton Feldman
18.4%
Georges Auric
18%
Germaine Tailleferre
16%
Louis Durey
12%
Christian Wolff
9.2%
Earle Brown
8.5%

You're not logged in!

Compare scores with friends on all Sporcle quizzes.
Join for Free
OR
Log In

You Might Also Like...

Show Comments

Extras

Top Quizzes Today


Score Distribution

Your Account Isn't Verified!

In order to create a playlist on Sporcle, you need to verify the email address you used during registration. Go to your Sporcle Settings to finish the process.

Report this User

Report this user for behavior that violates our Community Guidelines.

Details: